Normal view
MARC view
- (Include CD)
Entry Geographic Name
Number of records used in: 157
001 - CONTROL NUMBER
- control field: 8953
003 - CONTROL NUMBER IDENTIFIER
- control field: NUST
005 - DATE AND TIME OF LATEST TRANSACTION
- control field: 20180118183215.0
008 - FIXED-LENGTH DATA ELEMENTS
- fixed length control field: 180118|| aca||aabn | a|a d
040 ## - CATALOGING SOURCE
- Original cataloging agency: NUST
- Transcribing agency: NUST
151 ## - HEADING--GEOGRAPHIC NAME
- Geographic name: (Include CD)
670 ## - SOURCE DATA FOUND
- Source citation: Work cat.: (NUST)181607: Basso, Christophe P. 8951, Switch-mode power supply SPICE cookbook (Include CD), 2001.
